logo

Bir Sreshtho Munshi Abdur Rouf Library
Jhenaidah Cadet College

Verses From Rabindranath Tagore : (Record no. 4119)

MARC details
000 -LEADER
fixed length control field 00582nam a22002177a 4500
001 - CONTROL NUMBER
JCCL Control Number 4119
003 - CONTROL NUMBER IDENTIFIER
JCCL marc code BD-JhCC
005 - DATE AND TIME OF LATEST TRANSACTION
control field 20171123115515.0
008 - FIXED-LENGTH DATA ELEMENTS--GENERAL INFORMATION
fixed length control field 171123s1989 bg |||| ||a| 001 0 eng d
035 ## - SYSTEM CONTROL NUMBER
system control number (BD-JhCC)4119
040 ## - CATALOGING SOURCE
Original cataloging agency BD-JhCC
Modifying agency BD-JhCC
041 ## - LANGUAGE CODE
Language code of Book eng
082 ## - DEWEY DECIMAL CLASSIFICATION NUMBER
Classification number 891.4495
Author mark and Year TAG 1989
100 ## - MAIN ENTRY--PERSONAL NAME
Personal name Rabindranath Tagore
245 ## - TITLE STATEMENT
Title Verses From Rabindranath Tagore :
Remainder of title Done into English /
Statement of responsibility, etc Hawsar Ali Shaik,
260 ## - PUBLICATION, DISTRIBUTION, ETC. (IMPRINT)
Place of publication, distribution, etc Kushtia :
Name of publisher, distributor, etc Mrs. Swapna Shaik,
Date of publication, distribution, etc 1989
300 ## - PHYSICAL DESCRIPTION
Pagination 22 p. :
Dimensions 22 cm.
650 ## - SUBJECT ADDED ENTRY--TOPICAL TERM
Topical term or geographic name as entry element Selective Verses
942 ## - ADDED ENTRY ELEMENTS (KOHA)
Source of classification or shelving scheme Dewey Decimal Classification
Koha item type Books
Holdings
Source of classification or shelving scheme Damaged status Not for loan Home library Current library Shelving location Date of accession Cost, normal purchase price Total Checkouts Full call number Barcode Date last seen Copy number Koha item type
Dewey Decimal Classification     JCC Rouf Library JCC Rouf Library General Stacks 11/23/2017 35.00   891.4495 TAG 1989 5405 11/23/2017 C- 1 Books

JCC Library | Contacts | JCC Home

Last Update on 23 September 2017
Copyright @ 2017-2020 JCC Rouf Library
Rouf Library, Jhenidah Cadet College (JCC), Bangladesh